=LDR 00000nam 2200000 4500 =001 INLIS000000000043534 =005 20131008103413 =008 ***********************************ind** =035 ##$$0010-101300000001456 =041 ##$$a ind =082 ##$$a 103 =090 ##$$a R 103, Mud t =100 ##$$a MEDHOFIR, Ali =245 ##$$a Teori dan aliran dalam filsafat dan teologi, Ali Mudhofir =260 ##$$a 1996 $b Yogyakarta =300 ##$$a 286 hlm, 21 cm =650 ##$$a KAMUS-FILSAFAT =850 ##$$a NBPNMAT